| 000 | 01174nam a22002537a 4500 | ||
|---|---|---|---|
| 005 | 20170124103146.0 | ||
| 010 | _aB-176437 | ||
| 020 |
_c200.00 _a8170436516 |
||
| 035 | _aB-176437 | ||
| 037 | _bCen Lib/Ret | ||
| 040 |
_aDPL _bHN |
||
| 082 |
_aक _bसिद्धांता |
||
| 100 |
_aसिद्धांतालंकार, श्रीनिधि _986352 |
||
| 245 |
_aसूखे सुनसान नालों में : _cश्रीनिधि सिद्धांतालंकार _bरोमांचक शिकार-प्रसंग / |
||
| 246 |
_aSookhe sunsaan nalon me : romanchak shikar-prasang / _bby Shrinidhi Siddhantalankar |
||
| 260 |
_aदिल्ली _bआत्माराम एंड संस _c2005 |
||
| 270 |
_a1376, कश्मीरी गेट _bदिल्ली _e110006 |
||
| 300 |
_a200पृ. _c20सेमी(सजिल्द) |
||
| 650 |
_aहिन्दी -- कहानी _9779 |
||
| 650 |
_aहिन्दी -- साहित्य _986353 |
||
| 650 |
_aHindi - story _943117 |
||
| 650 |
_aHindi literature _986354 |
||
| 942 |
_2ddc _cHN _hक _mसिद्धांता |
||
| 999 |
_c119705 _d119705 |
||